The swiss family Robinson / (Record no. 3576)

MARC details
000 -LEADER
fixed length control field 00722nam a22002177a 4500
001 - CONTROL NUMBER
control field 3576
003 - CONTROL NUMBER IDENTIFIER
control field FISKH
005 - DATE AND TIME OF LATEST TRANSACTION
control field 20260114113048.0
008 - FIXED-LENGTH DATA ELEMENTS--GENERAL INFORMATION
fixed length control field 240321b cb ||||| |||| 00| 0 eng d
040 ## - CATALOGING SOURCE
Original cataloging agency FISK
Language of cataloging eng
Transcribing agency FISK
Modifying agency FISK
100 ## - MAIN ENTRY--PERSONAL NAME
Personal name Wyss David Johann
Dates associated with a name 1743-1818
245 ## - TITLE STATEMENT
Title The swiss family Robinson /
Statement of responsibility, etc. Johann David Wyss
260 ## - PUBLICATION, DISTRIBUTION, ETC.
Place of publication, distribution, etc. Pensacola Christian Collage :
Name of publisher, distributor, etc. Johann David Wyss,
Date of publication, distribution, etc. 2000
300 ## - PHYSICAL DESCRIPTION
Extent 130 pages :
Other physical details Color illustrations,
Dimensions 20 cm
505 ## - FORMATTED CONTENTS NOTE
Formatted contents note Q
520 ## - SUMMARY, ETC.
Summary, etc. Relates the fortunes of a shipwrecked family as they adapt to life on an island with abundant animal and plant life.
521 8# - TARGET AUDIENCE NOTE
Target audience note 860
Source Lexile
700 ## - ADDED ENTRY--PERSONAL NAME
Personal name Johann David Wyss
942 ## - ADDED ENTRY ELEMENTS (KOHA)
Source of classification or shelving scheme Dewey Decimal Classification
Koha item type Books
Suppress in OPAC No
Holdings
Withdrawn status Lost status Source of classification or shelving scheme Damaged status Not for loan Collection Home library Current library Shelving location Date acquired Total Checkouts Full call number Barcode Date last seen Copy number Price effective from Koha item type
    Dewey Decimal Classification     Fiction Footprints International School Library Network Toul Kork Campus Footprints International School Library Network Toul Kork Campus TTP Secondary Fiction Bookshelves 03/21/2024   WYS PZ7.W996 833.6 2024-0377 03/21/2024 1 03/21/2024 Books